00539nam a2200181 a 4500001001300000003000900013005001700022008004100039020002300080082001500103100002400118245006800142260004500210300000900255500003500264650003400299700002400333nice12345678IN_TiNIC20260116015033.0070913s2006 gena grp 000 0 eng  a3905676524 c50000a220.1bBOE aBoettcher, Reinhard aWitnessing to God`s Faithfulnessb Issuse of Biblical Authority aGenevabLutheran World Federation c2006 a240p aincludes index and biblioraphy aBible-Evidences and Authority1 aBoettcher, Reinhard